000 00646nam a2200193Ia 4500
003 LK-CoDNM
008 010623t2008 xxu||||| |||| 00| 1 sin d
040 _aLK-CoDNM
_dLK-CoDNM
_eLK-CoDNM
041 _asin
080 _a659.9
_bDAL
100 _aDalupotha, Mahinda Kumara
245 _aහූව - අපේ මුතුන් මිත්තන්ගේ සාමිප්‍ර‍ධායික සන්නිවේදන විධි
246 _aHoowa : Ape Muthun miththange sampradaika sanniwedana vidhi
260 _bS.Godage
_aColombo
_c2008
300 _b96, 21 cm
500 _aNo.1
650 _aCommunication
942 _cBK
999 _c128266
_d128266